000 00554nam a22001937a 4500
003 KOHA_MİRAKIL
005 20251114141537.0
008 251114b tu ||||| |||| 00| 0 tur d
020 _a9789944887984
040 _aTR-AnABB
_btur
_cTR-AnABB
041 _atur
082 _a818.4203
_bAKI 2010
100 1 _aAkın, Sunay,
245 1 0 _aTuncay terzihanesi /
_cSunay Akın
260 _aİstanbul :
_bTürkiye İş Bankası Kültür Yayınları,
_c2010
300 _a204 sayfa ;
_c21 cm
650 0 4 _aTürk edebiyatı, roman
942 _2ddc
_cBK
999 _c9394
_d9394
900 _bGizem YORULMAZ